000 00929nam a2200265 a 4500
001 BRCA_4879
005 20190320204837.0
008 141010c1971----it-ao#####---#000-0#ita-#
041 _aita
044 _ait
050 4 _aPG7297
_b.S53 1971
245 1 0 _aSicilia
_ca cura di Andrea Caizzi ... [et al.] ; presentazione Dell´on Ugo la Malfa.
260 _aItalia
_bElecta
_c1971
300 _a449 p.
_bil. (algunas a color), 427 láminas
_c31 cm.
440 0 _aBanca Nacionale del Laboro
_912356
500 _aColección Sonia Corcuera de Mancera
500 _aIncluye índice de ilustraciones, índice analítico y referencias fotográficas
504 _aBibliografía : p. 421-424
650 1 4 _aSicilia
_earte e historia
_zItalia
_912357
651 4 _aSicilia
_vCatálogos
_xArquitectura religiosa
_zItalia
_912358
700 1 _ala Malfa, Ugo
_912359
700 1 _aCaizzi, Andrea
_912279
902 _aDSC
942 _2lcc
_cB
999 _c4573
_d4573